| 000 | 00624nam a2200193 a 4500 | ||
|---|---|---|---|
| 001 | 000007229 | ||
| 005 | 20200929154113.0 | ||
| 008 | 090907s1978 dr a 000 0 spa d | ||
| 040 |
_aDO-SdBNP _bspa _cBNPHU |
||
| 082 |
_a616.5 _bM294d |
||
| 245 | 0 | 0 |
_aManual de dermatología / _cedición Humberto Bogaert Díaz. |
| 260 |
_aSanto Domingo : _bAmigo del Hogar, _c1978. |
||
| 300 |
_a500 : _bil. ; _c23 cm. |
||
| 504 | _aBibliografía : p. 428-429 | ||
| 590 | _aInventariado, 2018/LP | ||
| 650 | 4 |
_aDermatología _xManuales _920056 |
|
| 700 | 1 |
_aBogaert Díaz, Humberto, _eed. _920057 |
|
| 910 | _aValidado. Control de calidad. MFF | ||
| 999 |
_c7010 _d7010 |
||